书目信息 |
| 题名: |
丁玲戏剧集
|
|
| 作者: | 丁玲 著 | |
| 分册: | ||
| 出版信息: | 北京 中国戏剧出版社 1983 |
|
| 页数: | 205页 | |
| 开本: | 19cm | |
| 丛书名: | ||
| 单 册: | ||
| 中图分类: | I230.6 , I230 | |
| 科图分类: | ||
| 主题词: | 剧本--中国--现代--选集 , 戏剧文学--剧本--中国 | |
| 电子资源: | ||
| ISBN: | ||
| 000 | 00661nam0 2200265 45 | |
| 001 | 0183007271 | |
| 005 | 20061109143855.21 | |
| 010 | @dCNY0.81 | |
| 091 | @a8069.364 | |
| 100 | @a19950309d1983 em y0chiy0121 ea | |
| 101 | 0 | @achi |
| 102 | @aCN@b110000 | |
| 105 | @ay z 000by | |
| 106 | @ar | |
| 200 | 10 | @a丁玲戏剧集@Ading ling xi ju ji@f丁玲著 |
| 210 | @a北京@c中国戏剧出版社@d1983 | |
| 215 | @a205页@d19cm | |
| 606 | @a剧本@y中国@z现代@x选集 | |
| 606 | 0 | @a戏剧文学@x剧本@x中国 |
| 690 | @aI230.6@v3 | |
| 690 | @aI230 | |
| 701 | 0 | @a丁玲@Ading ling@4著 |
| 801 | 0 | @aCN@b上海图书馆@c20061109 |
| 801 | 2 | @aCN@bNLC@c20040416 |
| 905 | @dI230@e61 | |
| 丁玲戏剧集/丁玲著.-北京:中国戏剧出版社,1983 |
| 205页;19cm |
| ISBN :CNY0.81 |
| ● |
| 相关链接 |
|
|
|
|
正题名:丁玲戏剧集
索取号:I230/61
 
预约/预借
| 序号 | 登录号 | 条形码 | 馆藏地/架位号 | 状态 | 备注 |
| 1 | 0098096 | 001625851 | 密集书库/ [索取号:I230/61] | 在馆 | |
| 2 | 0098097 | 001625913 | 密集书库/ [索取号:I230/61] | 在馆 | |
| 3 | 0098098 | 001625968 | 密集书库/ [索取号:I230/61] | 在馆 | |
| 4 | 0098099 | 000766978 | 第二借阅区/ [索取号:I230/61] | 在馆 | |
| 5 | 0098100 | 000766996 | 第二借阅区/ [索取号:I230/61] | 在馆 | |
| 6 | 0098101 | 000766987 | 第二借阅区/ [索取号:I230/61] | 在馆 | |
| 7 | 0159774 | 000766950 | 第二借阅区/ [索取号:I230/61] | 在馆 | |
| 8 | 0159775 | 000766969 | 第二借阅区/ [索取号:I230/61] | 在馆 | |
| 9 | 0178927 | 001625959 | 密集书库/ [索取号:I230/61] | 在馆 | |
| 10 | 0178928 | 001625860 | 密集书库/ [索取号:I230/61] | 在馆 | |
| 11 | 0178929 | 001625922 | 密集书库/ [索取号:I230/61] | 在馆 |